[Event "59th ch-RUS 1st League"]
[Site "Tomsk RUS"]
[Date "2006.09.07"]
[Round "5"]
[White "Shomoev,A"]
[Black "Nechepurenko,R"]
[Result "1/2-1/2"]
[WhiteElo "2528"]
[BlackElo "2463"]
[EventDate "2006.09.03"]

1. e4 c5 2. Nf3 d6 3. d4 cxd4 4. Nxd4 Nf6 5. Nc3 a6 6. Bg5 e6 7. f4 Qb6 8.
Qd2 Nc6 9. Bxf6 gxf6 10. Nb3 Bd7 11. O-O-O O-O-O 12. Be2 h5 13. Rhf1 Kb8
14. Rf3 Be7 15. Kb1 Rdg8 16. Bf1 Qc7 17. Na4 Rd8 18. Qf2 Na7 19. Rc3 Bc6
20. Nb6 Nc8 21. Nd5 Qd7 22. Na5 exd5 23. Bxa6 dxe4 24. Nxc6+ bxc6 25. Rd4
c5 26. Rb3+ Ka8 27. Bc4 d5 28. Bxd5+ Qxd5 29. Rxd5 Rxd5 30. Qe2 Ka7 31.
Ra3+ Kb6 32. Ra6+ Kc7 33. a4 Rd6 34. Ra8 f5 35. Qe3 Kb7 36. Ra5 Rb6 37. Qh3
Nd6 38. Rxc5 Bf6 39. c3 Rc8 40. Rxc8 Kxc8 41. Kc2 h4 42. g4 e3 43. Qxe3
Rxb2+ 44. Kc1 Rxh2 45. Qc5+ Kd7 46. Qa7+ Kd8 47. Qb6+ Kd7 48. Qa7+ Ke6 49.
gxf5+ Kd5 50. Qa5+ Kc6 51. Qa6+ Kc7 52. Qa5+ Kc6 53. c4 1/2-1/2

[Event "59th ch-RUS 1st League"]
[Site "Tomsk RUS"]
[Date "2006.09.07"]
[Round "5"]
[White "Belozerov,A"]
[Black "Karpov,Va"]
[Result "1-0"]
[WhiteElo "2518"]
[BlackElo "2411"]
[EventDate "2006.09.03"]

1. d4 Nf6 2. c4 e6 3. Nf3 d5 4. g3 Bb4+ 5. Bd2 Be7 6. Bg2 O-O 7. O-O c6 8.
Qc2 b6 9. Bf4 Bb7 10. b3 Ne4 11. Nfd2 Nxd2 12. Nxd2 Nd7 13. e4 Rc8 14. Rad1
Re8 15. Rfe1 Nf6 16. Re2 Qd7 17. e5 Nh5 18. Be3 g6 19. Nf3 Red8 20. c5 Ba6
21. Red2 Ng7 22. Bg5 Rf8 23. h4 Nf5 24. g4 Ng7 25. Qc3 Qd8 26. Qe3 Rc7 27.
Rc2 Ne8 28. Rdc1 b5 29. Bf1 Rd7 30. b4 Nc7 31. Bd3 Bb7 32. Kg2 f6 33. exf6
Bxf6 34. Ne5 Rg7 35. Bh6 Bxh4 36. g5 1-0

[Event "59th ch-RUS 1st League"]
[Site "Tomsk RUS"]
[Date "2006.09.07"]
[Round "5"]
[White "Kharitonov,Alexandr"]
[Black "Tsigelnitskiy,I"]
[Result "1/2-1/2"]
[WhiteElo "2514"]
[BlackElo "2404"]
[EventDate "2006.09.03"]

1. d4 Nf6 2. c4 c5 3. d5 b5 4. Nd2 bxc4 5. e4 e6 6. dxe6 dxe6 7. e5 Nd5 8.
Nxc4 Be7 9. Nf3 O-O 10. Be2 Nc6 11. O-O Qc7 12. Qd3 Ndb4 13. Qe4 Bb7 14.
Qg4 Rfd8 15. Bh6 g6 16. a3 Nc2 17. Rad1 N2d4 18. Nxd4 Nxd4 19. Bd3 Ba6
1/2-1/2

[Event "59th ch-RUS 1st League"]
[Site "Tomsk RUS"]
[Date "2006.09.07"]
[Round "5"]
[White "Voitsekhovsky,S"]
[Black "Arzhenkov,G"]
[Result "1-0"]
[WhiteElo "2494"]
[BlackElo "2371"]
[EventDate "2006.09.03"]

1. e4 c5 2. Nf3 e6 3. d3 Nc6 4. g3 Nf6 5. Bg2 d5 6. Qe2 Be7 7. O-O O-O 8.
e5 Ne8 9. Nbd2 b5 10. Re1 a5 11. h4 Nc7 12. Nf1 b4 13. c4 bxc3 14. bxc3 Rb8
15. N1h2 Nb5 16. Qc2 d4 17. c4 Nc3 18. Ng5 Nb4 19. Qd2 Bb7 20. Ne4 Bxe4 21.
Bxe4 Qd7 22. a4 Bd8 23. Ng4 Re8 24. h5 Nxa4 25. h6 g5 26. Qxg5+ Bxg5 27.
Bxg5 f5 28. Nf6+ Kf7 29. Nxd7 fxe4 30. Rxa4 Nxd3 31. Rxe4 Rb1+ 32. Kg2 Ne1+
33. Kh3 Kg6 34. Bd2 Nd3 35. Kg2 Kf5 36. Rh4 Rb2 37. Rh5+ Kg6 38. Rg5+ Kxh6
39. Rg8+ Rxd2 40. Rxe8 Rxf2+ 41. Kg1 Rc2 42. Rg8 Ne1 43. Kf1 Nf3 44. Ra3
Nd2+ 45. Kg1 Rc1+ 46. Kg2 Nxc4 47. g4 1-0

[Event "59th ch-RUS 1st League"]
[Site "Tomsk RUS"]
[Date "2006.09.07"]
[Round "5"]
[White "Shabanov,Y"]
[Black "Sitnikov,D"]
[Result "0-1"]
[WhiteElo "2443"]
[BlackElo "2430"]
[EventDate "2006.09.03"]

1. e4 c5 2. Nf3 Nc6 3. Bb5 g6 4. O-O Bg7 5. c3 Nf6 6. Qa4 O-O 7. e5 Nd5 8.
Re1 Nc7 9. Bxc6 dxc6 10. Qh4 Bf5 11. d4 cxd4 12. Nxd4 Bxb1 13. Rxb1 Qd7 14.
Bh6 Ne6 15. Rbd1 Rfd8 16. Rd2 Nxd4 17. Rxd4 Qe6 18. Bxg7 Kxg7 19. c4 Rd7
20. Red1 Qxc4 21. e6 Rxd4 22. Qxd4+ Qxd4 23. Rxd4 Kf6 24. exf7 Kxf7 25. Kf1
h5 26. h4 Ke8 27. Ke2 Rd8 28. Ra4 a6 29. f3 Rd5 30. Ke3 e5 31. Rc4 Kd7 32.
g4 Kd6 33. Rc2 Rd4 34. Rg2 b5 35. Rg1 a5 36. Rg2 Kd5 37. Rg1 c5 38. Rg2 c4
39. Rg1 Rd3+ 40. Ke2 Rd4 41. Rg2 b4 42. Rg1 a4 43. Rg2 c3 44. bxc3 bxc3 45.
Ke3 e4 0-1

[Event "59th ch-RUS 1st League"]
[Site "Tomsk RUS"]
[Date "2006.09.07"]
[Round "5"]
[White "Gubajdullin,A"]
[Black "Karalkin,M"]
[Result "1-0"]
[WhiteElo "2431"]
[BlackElo "2332"]
[EventDate "2006.09.03"]

1. Nf3 d5 2. d4 Nf6 3. c4 c6 4. Nc3 a6 5. c5 Bf5 6. Bf4 Nbd7 7. e3 e6 8.
Be2 Be7 9. h3 O-O 10. O-O Re8 11. Bd3 Bxd3 12. Qxd3 Bxc5 13. dxc5 e5 14.
Nxe5 Nxe5 15. Qd4 Qe7 16. Rfe1 Rad8 17. Rac1 h6 18. Bxe5 Qxe5 19. Qxe5 Rxe5
20. Ne2 Ne8 21. Nd4 Nc7 22. Nb3 Rd7 23. f3 g5 24. g4 Ne6 25. Nd4 Nxd4 26.
exd4 Ree7 27. Kf2 Kf8 28. b4 Rxe1 29. Kxe1 Ke8 30. a4 Kd8 31. Kf2 f5 32. b5
axb5 33. axb5 cxb5 34. Rb1 Kc7 35. Rxb5 h5 36. gxf5 Rf7 37. Rb6 Rxf5 38.
Rg6 h4 39. Rg7+ Kc6 40. Ke3 b5 41. Rg6+ Kc7 42. Rb6 Rf8 43. Rxb5 Re8+ 44.
Kf2 Ra8 45. Rb2 Ra4 46. Rd2 Kc6 47. Kg2 Rb4 48. f4 gxf4 49. Kf3 Rb8 50. Kg4
Re8 51. Rf2 Rh8 52. Rxf4 Kb5 53. Kg5 Kc4 54. Rxh4 Rg8+ 55. Kf6 Rf8+ 56. Ke7
Rg8 57. Rg4 Rh8 58. h4 Rh7+ 59. Kf6 Rh8 60. Kg7 1-0

[Event "59th ch-RUS 1st League"]
[Site "Tomsk RUS"]
[Date "2006.09.08"]
[Round "6"]
[White "Inarkiev,E"]
[Black "Timofeev,Arty"]
[Result "1/2-1/2"]
[WhiteElo "2625"]
[BlackElo "2657"]
[EventDate "2006.09.03"]

1. d4 Nf6 2. Nf3 g6 3. c4 Bg7 4. g3 d5 5. Bg2 dxc4 6. Na3 c6 7. Nxc4 Be6 8.
Qc2 Qd5 9. Ne3 Qb5 10. a4 Qb3 11. Qb1 a5 12. O-O Na6 13. Ng5 Bd5 14. Nxd5
Nxd5 15. Nf3 Nab4 16. e4 Nb6 17. Ra3 Qc2 18. Qxc2 Nxc2 19. Rb3 Nb4 20. Bd2
Nxa4 21. Bxb4 axb4 22. Rxb4 c5 23. dxc5 Nxc5 24. e5 O-O 25. Rb5 Nd3 26. Rd1
Rad8 27. Ra1 e6 28. Bf1 Rd7 29. Kg2 b6 30. Ra6 Rfd8 31. Raxb6 Bf8 32. Rb7
Nc5 33. Rxd7 Rxd7 34. Rb8 Rc7 35. b4 Nd7 36. Ra8 Kg7 37. b5 Rc2 38. Bd3 Rb2
39. Rd8 Nc5 40. Ne1 Nxd3 41. Nxd3 Rxb5 1/2-1/2

[Event "59th ch-RUS 1st League"]
[Site "Tomsk RUS"]
[Date "2006.09.08"]
[Round "6"]
[White "Kobalia,M"]
[Black "Vitiugov,N"]
[Result "1/2-1/2"]
[WhiteElo "2647"]
[BlackElo "2555"]
[EventDate "2006.09.03"]

1. e4 e6 2. d4 d5 3. Nc3 Bb4 4. e5 c5 5. a3 Bxc3+ 6. bxc3 Ne7 7. Qg4 cxd4
8. cxd4 Qc7 9. Bd2 Qxc2 10. Rc1 Qe4+ 11. Qxe4 dxe4 12. Ne2 O-O 13. g4 Bd7
14. Bg2 Bc6 15. Be3 Nd7 16. Nc3 f5 17. exf6 Nxf6 18. g5 Nfd5 19. Bxe4 Nxc3
20. Bxc6 Nxc6 21. Rxc3 Rad8 22. Rc4 Rf5 23. Ke2 Rb5 24. Rhc1 Kf7 25. R1c3
Rd7 26. Rc5 Rd5 27. Kf3 Ke7 28. Ke4 Kd7 29. h4 Ra5 30. Rxa5 Rxa5 31. Bf4
Ra4 1/2-1/2

[Event "59th ch-RUS 1st League"]
[Site "Tomsk RUS"]
[Date "2006.09.08"]
[Round "6"]
[White "Landa,K"]
[Black "Najer,E"]
[Result "1-0"]
[WhiteElo "2584"]
[BlackElo "2677"]
[EventDate "2006.09.03"]

1. Nf3 d5 2. d4 Nf6 3. c4 c6 4. Qc2 dxc4 5. Qxc4 Bf5 6. g3 e6 7. Bg2 Nbd7
8. Nc3 Be7 9. O-O O-O 10. Re1 Ne4 11. Qb3 Qb6 12. Nh4 Bxh4 13. gxh4 Nef6
14. Qxb6 axb6 15. Bf4 b5 16. Bd6 Rfd8 17. e4 Bg6 18. f3 Nf8 19. Bc5 Bh5 20.
a4 bxa4 21. Nxa4 Ng6 22. Nb6 Rab8 23. Re3 Nxh4 24. Rb3 h6 25. Bh1 Kh7 26.
Kf2 Rg8 27. Ra7 Ng6 28. Nc4 b5 29. Ne5 Nxe5 30. dxe5 Ne8 31. Rd3 g5 32. b4
Bg6 33. Bg2 Ng7 34. Rd6 Rgc8 35. Bf1 Nh5 36. Rxe6 Nf4 37. Ree7 Ra8 38. Ke3
Ne6 39. Bh3 Rxa7 40. Bxa7 Rc7 41. Rxc7 Nxc7 42. Bd7 Na6 43. Bxc6 Nxb4 44.
Bxb5 g4 45. Bc5 Nc2+ 46. Kd2 Na1 47. Bc4 gxf3 48. Bd4 1-0

[Event "59th ch-RUS 1st League"]
[Site "Tomsk RUS"]
[Date "2006.09.08"]
[Round "6"]
[White "Popov,Val"]
[Black "Zvjaginsev,V"]
[Result "1/2-1/2"]
[WhiteElo "2578"]
[BlackElo "2675"]
[EventDate "2006.09.03"]

1. d4 Nf6 2. c4 c5 3. d5 g6 4. Nc3 Bg7 5. e4 d6 6. Nf3 O-O 7. h3 Nbd7 8.
Be2 Ne8 9. Bg5 Ne5 10. Nxe5 Bxe5 11. O-O Ng7 12. Bh6 f5 13. exf5 Bxf5 14.
g4 Bd7 15. f4 Bd4+ 16. Kh2 a6 17. Qc2 Qa5 18. Bd3 b5 19. cxb5 Bxb5 20. Bxb5
axb5 21. Ne2 Qb4 22. Nxd4 Qxd4 23. Rfd1 Qc4 24. Qxc4 bxc4 25. Re1 Ra7 26.
Re2 Rb8 27. Rae1 Rbb7 28. a3 Ne8 29. Bg5 Kf7 30. Rc1 Ra4 31. Rc3 Nf6 32.
Bxf6 Kxf6 33. Kg3 Ra8 34. Rxc4 Rb3+ 35. Kg2 Rd3 36. b4 Raxa3 37. bxc5 Rg3+
38. Kf2 Rgf3+ 39. Kg2 Rg3+ 40. Kf1 Rgf3+ 41. Kg2 1/2-1/2

[Event "59th ch-RUS 1st League"]
[Site "Tomsk RUS"]
[Date "2006.09.08"]
[Round "6"]
[White "Yudin,S"]
[Black "Lastin,A"]
[Result "1/2-1/2"]
[WhiteElo "2475"]
[BlackElo "2613"]
[EventDate "2006.09.03"]

1. e4 e5 2. Nf3 Nc6 3. Bc4 Nf6 4. d3 Be7 5. Bb3 O-O 6. O-O d6 7. c3 Be6 8.
Bc2 d5 9. Qe2 dxe4 10. dxe4 Nd7 11. Rd1 Qe8 12. Be3 Rd8 13. Nbd2 f6 14. Bb3
Qf7 1/2-1/2

[Event "59th ch-RUS 1st League"]
[Site "Tomsk RUS"]
[Date "2006.09.08"]
[Round "6"]
[White "Smirnov,P"]
[Black "Khairullin,I"]
[Result "1/2-1/2"]
[WhiteElo "2613"]
[BlackElo "2538"]
[EventDate "2006.09.03"]

1. e4 e5 2. Nf3 Nc6 3. Bb5 a6 4. Ba4 Nf6 5. O-O Be7 6. Re1 b5 7. Bb3 d6 8.
c3 O-O 9. h3 Na5 10. Bc2 c5 11. d4 Qc7 12. Nbd2 cxd4 13. cxd4 Nc6 14. Nb3
a5 15. Be3 a4 16. Nbd2 Bd7 17. Rc1 Qb7 18. Nf1 Rfe8 19. Ng3 Bd8 20. Qe2 Rb8
21. Red1 h6 22. Bd3 Be7 23. Bb1 Bf8 24. dxe5 Nxe5 25. Nh4 Bc6 26. Bd4 g6
27. f4 Ned7 28. e5 dxe5 29. fxe5 Bd6 30. Nxg6 fxg6 31. Qc2 Nxe5 32. Bxe5
Bxe5 33. Qxg6+ Qg7 34. Rxc6 Rbc8 35. Qxg7+ Kxg7 36. Nf5+ Kf8 37. Rb6 Rb8
38. Rxb8 Rxb8 39. Nxh6 Bxb2 40. g4 Rc8 41. g5 Rc1 42. Rxc1 Bxc1 43. h4 Nd5
44. Nf5 Nc3 45. Bd3 Nxa2 46. Bxb5 a3 47. g6 Bb2 48. h5 Bg7 49. Bc4 Nb4 50.
Kf2 a2 51. Bxa2 Nxa2 52. Kf3 1/2-1/2

[Event "59th ch-RUS 1st League"]
[Site "Tomsk RUS"]
[Date "2006.09.08"]
[Round "6"]
[White "Belov,Vl"]
[Black "Maletin,P"]
[Result "1/2-1/2"]
[WhiteElo "2598"]
[BlackElo "2543"]
[EventDate "2006.09.03"]

1. d4 Nf6 2. c4 e6 3. Nf3 Bb4+ 4. Nbd2 O-O 5. a3 Be7 6. e4 d5 7. e5 Nfd7 8.
b4 a5 9. b5 c5 10. Bb2 cxd4 11. Be2 f6 12. Bxd4 fxe5 13. Nxe5 Nxe5 14. Bxe5
Nd7 15. Bb2 Nc5 16. Nf3 Bf6 17. Bxf6 Qxf6 18. O-O Rd8 19. cxd5 Rxd5 20. Qc2
b6 21. Rad1 1/2-1/2

[Event "59th ch-RUS 1st League"]
[Site "Tomsk RUS"]
[Date "2006.09.08"]
[Round "6"]
[White "Chuprov,D"]
[Black "Riazantsev,A"]
[Result "1-0"]
[WhiteElo "2527"]
[BlackElo "2622"]
[EventDate "2006.09.03"]

1. b3 d5 2. Bb2 Nf6 3. e3 g6 4. c4 Bg7 5. Nf3 O-O 6. cxd5 Qxd5 7. Nc3 Qd8
8. a3 Bf5 9. d4 c5 10. dxc5 Ne4 11. Na4 Qa5+ 12. b4 Qxa4 13. Qxa4 Bxb2 14.
Rd1 Bc3+ 15. Ke2 a5 16. b5 Bf6 17. Rc1 Nd7 18. Nd4 Ndxc5 19. Qc4 Nd6 20.
Qxc5 Rac8 21. Nxf5 gxf5 22. Qxc8 Nxc8 23. Kf3 Bb2 24. Rc7 Bxa3 25. Rxb7 a4
26. Rb8 Bb2 27. b6 Be5 28. Ra8 Nxb6 29. Ra6 Rb8 30. Bb5 e6 31. g3 Bf6 32.
Bxa4 Nc4 33. Rc1 Nd2+ 34. Kg2 Ne4 35. Bc6 Nc3 36. Ra3 Nb1 37. Ra8 Rxa8 38.
Bxa8 Nc3 39. Bc6 Kf8 40. Ra1 h6 41. Ra8+ Kg7 42. Ra7 Kf8 43. Kf1 Be7 44.
Ra8+ Kg7 45. Rb8 Bd6 46. Rb7 Kf8 47. Ke1 Na2 48. Kd2 Be5 49. Bf3 Bd6 50.
Kd3 Nb4+ 51. Kc4 Nc2 52. Kc3 Na3 53. Be2 Be5+ 54. Kd2 Bd6 55. Kc1 Be5 56.
Ra7 1-0

[Event "59th ch-RUS 1st League"]
[Site "Tomsk RUS"]
[Date "2006.09.08"]
[Round "6"]
[White "Belozerov,A"]
[Black "Galkin,A"]
[Result "1-0"]
[WhiteElo "2518"]
[BlackElo "2600"]
[EventDate "2006.09.03"]

1. e4 c6 2. d4 d5 3. Nc3 dxe4 4. Nxe4 Nd7 5. Ng5 Ngf6 6. Bd3 e6 7. N1f3 Bd6
8. Qe2 h6 9. Ne4 Nxe4 10. Qxe4 Qc7 11. O-O b6 12. Qg4 Kf8 13. b3 Bb7 14.
Bb2 Nf6 15. Qh4 Nd5 16. Rfe1 Nf4 17. Rad1 f6 18. Ne5 g5 19. Qg4 fxe5 20.
dxe5 Bb4 21. Re4 c5 22. Rxf4+ gxf4 23. Bg6 Qe7 24. h4 h5 25. Qxf4+ Kg7 26.
Bxh5 Rh7 27. a3 Kh8 28. Bg6 Rxh4 29. Qf6+ Qxf6 30. exf6 Bxa3 31. Be5 Re4
32. Bxe4 Bxe4 33. Rd7 Rf8 34. Bd6 Rc8 35. f7 Bb2 36. f8=Q+ Rxf8 37. Bxf8
Bd4 38. Rxa7 Bxc2 39. Rb7 Bxb3 40. Rxb6 Bd5 41. Rb8 Kh7 42. Rc8 c4 43. Bc5
Bb2 44. f3 Kg6 45. Kf2 Kf5 46. Ke3 Bc1+ 47. Ke2 Bb2 48. Rb8 Bg7 49. Rg8 Bb2
50. Rf8+ Kg6 51. Be3 Bg7 52. Rf4 e5 53. Rg4+ Kf7 54. Bd2 Bf6 55. Bc3 Ke7
56. Rg6 Kf7 57. Rh6 Be6 58. Rh7+ Kg6 59. Rc7 e4 60. Bxf6 exf3+ 61. gxf3
Kxf6 62. Ke3 Ke5 63. Rc5+ Bd5 64. f4+ 1-0

[Event "59th ch-RUS 1st League"]
[Site "Tomsk RUS"]
[Date "2006.09.08"]
[Round "6"]
[White "Bocharov,D"]
[Black "Kabanov,N"]
[Result "1-0"]
[WhiteElo "2571"]
[BlackElo "2514"]
[EventDate "2006.09.03"]

1. d4 Nf6 2. c4 g6 3. Nf3 Bg7 4. g3 O-O 5. Bg2 d6 6. Nc3 Nbd7 7. O-O e5 8.
e4 exd4 9. Nxd4 Re8 10. Re1 Ng4 11. h3 Nge5 12. b3 Nc5 13. Be3 a5 14. Re2
Bd7 15. Rd2 Qc8 16. Kh2 a4 17. Rb1 axb3 18. axb3 Ne6 19. Nde2 Bc6 20. f4
Nd7 21. b4 f5 22. exf5 Bxg2 23. Kxg2 gxf5 24. Qc2 Rf8 25. Nd5 Qe8 26. Bf2
Ra3 27. Rb3 Rxb3 28. Qxb3 Nf6 29. Nec3 Kh8 30. Re2 Qf7 31. Nxf6 Qxf6 32.
Nd5 Qf7 33. Rd2 Re8 34. Qd3 Qg6 35. Kh2 Qf7 36. b5 c6 37. bxc6 bxc6 38. Nb4
Nc5 39. Bxc5 dxc5 40. Nxc6 Qe6 41. Nd8 Qe1 42. Nf7+ Kg8 43. Ng5 h6 44. Nf3
Qe4 45. Nh4 Qxd3 46. Rxd3 Re2+ 47. Kh1 Rc2 48. Nxf5 Rxc4 49. Nxg7 Kxg7 50.
Kg2 Ra4 51. Kf3 h5 52. g4 hxg4+ 53. hxg4 Ra7 54. Rc3 Rc7 55. Rc4 Kf6 56.
Ke3 Rc8 57. Ke4 Re8+ 58. Kf3 Rc8 59. Ra4 c4 60. g5+ Ke6 61. Ra6+ Kd5 62.
Ra5+ Kd6 63. Ke2 c3 64. Kd1 Rc4 65. f5 Rg4 66. g6 Ke7 67. Ra6 Kf8 68. Kc2
Rc4 69. f6 Rc8 70. Ra7 Kg8 71. Rg7+ 1-0

[Event "59th ch-RUS 1st League"]
[Site "Tomsk RUS"]
[Date "2006.09.08"]
[Round "6"]
[White "Gochelashvili,D"]
[Black "Vorobiov,E"]
[Result "0-1"]
[WhiteElo "2448"]
[BlackElo "2539"]
[EventDate "2006.09.03"]

1. d4 Nf6 2. Nf3 g6 3. Bg5 Bg7 4. Nbd2 O-O 5. c3 d6 6. e4 c5 7. dxc5 dxc5
8. Bc4 Nc6 9. Qe2 Na5 10. Bd3 h6 11. Bf4 Nh5 12. Be5 Bxe5 13. Nxe5 Qc7 14.
Nec4 Nf4 15. Qf3 Bg4 16. Qg3 Rad8 17. Bf1 Nxc4 18. Nxc4 Qd7 19. f3 Nd3+ 20.
Bxd3 Qxd3 21. Qxg4 Qxc4 22. Qh4 b5 23. Qxh6 b4 24. Rc1 Qxa2 25. h4 bxc3 26.
Rxc3 Qxb2 27. Qe3 Qxg2 28. Rg1 Qh2 29. h5 Qxh5 30. Qg5 Qh2 31. Rg2 Qh1+ 32.
Rg1 Qh2 33. Rg2 Qh1+ 34. Rg1 Qh8 35. Rxc5 Qd4 36. Rg4 Rb8 37. Qc1 Rb1 38.
Qxb1 Qe3+ 0-1

[Event "59th ch-RUS 1st League"]
[Site "Tomsk RUS"]
[Date "2006.09.08"]
[Round "6"]
[White "Shomoev,A"]
[Black "Yevseev,D"]
[Result "1-0"]
[WhiteElo "2528"]
[BlackElo "2572"]
[EventDate "2006.09.03"]

1. e4 e5 2. Nf3 Nc6 3. Bb5 a6 4. Ba4 Nf6 5. O-O Be7 6. Re1 b5 7. Bb3 d6 8.
c3 O-O 9. h3 Nb8 10. d4 Nbd7 11. Nbd2 Bb7 12. Bc2 Re8 13. Nf1 Bf8 14. Ng3
g6 15. a4 Bg7 16. Bd3 c6 17. Bg5 Qe7 18. Qd2 Qf8 19. b4 Rac8 20. dxe5 Nxe5
21. Nxe5 Rxe5 22. Be3 Ree8 23. axb5 cxb5 24. Bd4 Nd7 25. f4 Rc7 26. Re3
Rec8 27. Bxg7 Qxg7 28. Ne2 Nb6 29. Rc1 Qf6 30. Rf1 Re7 31. f5 Qg5 32. Nf4
Rce8 33. Qf2 Nd7 34. Rg3 Qh6 35. Bb1 Ne5 36. Qd4 Nc4 37. Qf6 Ne5 38. Qxd6
Qh4 39. Kh2 Nc4 40. Qd4 Ne5 41. Ba2 Nc4 42. Bxc4 bxc4 43. fxg6 hxg6 44.
Nxg6 fxg6 45. Rxg6+ Kh7 46. Rg4 Qh5 47. Rf5 Qh6 48. Rff4 1-0

[Event "59th ch-RUS 1st League"]
[Site "Tomsk RUS"]
[Date "2006.09.08"]
[Round "6"]
[White "Kornev,Alexei"]
[Black "Voitsekhovsky,S"]
[Result "1-0"]
[WhiteElo "2568"]
[BlackElo "2494"]
[EventDate "2006.09.03"]

1. e4 c5 2. Nf3 e6 3. d4 cxd4 4. Nxd4 Nf6 5. Nc3 d6 6. f4 a6 7. Be2 Qc7 8.
O-O Be7 9. Kh1 Nc6 10. Be3 O-O 11. a4 Bd7 12. Nb3 b6 13. g4 d5 14. exd5 Nb4
15. dxe6 Bxe6 16. Nd4 Bd5+ 17. Nxd5 Nbxd5 18. Nf5 Nxe3 19. Nxe3 Bc5 20. Nd5
Nxd5 21. Qxd5 Rfe8 22. Bd3 Rad8 23. Qg2 a5 24. b3 Rd4 25. Qf3 Bd6 26. Rae1
Rxe1 27. Qa8+ Bf8 28. Rxe1 g6 29. Re8 Qd6 30. Qb8 Qd5+ 31. Kg1 Qc5 32. Kg2
Qd5+ 33. Kg3 Qc5 34. Kf3 Rd7 35. Qc8 Qxc8 36. Rxc8 Kg7 37. h4 Bc5 38. f5 h6
39. Rc6 gxf5 40. Bxf5 Re7 41. h5 Re5 42. Be4 Re6 43. Rc7 Kf6 44. Rc8 Kg7
45. Kf4 Kf6 46. Bd5 Re2 47. Rc6+ Kg7 48. Be4 Bd4 49. Rc4 Rf2+ 50. Kg3 Rd2
51. Rc6 Be5+ 52. Kf3 Rd6 53. Rc8 Bd4 54. Rc7 Bc5 55. Bf5 Kf6 56. Ke2 Rd4
57. c3 Rd6 58. Rb7 Kg7 59. Rb8 Ba3 60. Bd3 Re6+ 61. Kd2 Bc5 62. Kc2 Rf6 63.
Bf5 Rd6 64. Re8 Rc6 65. Kd3 Ba3 66. Re2 Rc7 67. Rf2 Be7 68. Kc2 Bf6 69. Rf3
Be5 70. Be4 Rc5 71. Kd2 Bf6 72. Rd3 Be5 73. Rf3 Bf6 74. Bb7 Bg5+ 75. Kc2
Bf6 76. Ba6 Rc7 77. Bc4 Be5 78. Rf5 Bf6 79. Rb5 Bd8 80. Rd5 Be7 81. Kb2 Bc5
82. g5 hxg5 83. Rxg5+ Kh6 84. Rf5 Kg7 85. Bd5 Be3 86. Kc2 Bc5 87. Kd3 f6
88. Rf4 Bd6 89. h6+ Kg6 90. Be4+ f5 91. Rxf5 Rd7 92. h7 1-0

[Event "59th ch-RUS 1st League"]
[Site "Tomsk RUS"]
[Date "2006.09.08"]
[Round "6"]
[White "Andreikin,D"]
[Black "Amonatov,F"]
[Result "1/2-1/2"]
[WhiteElo "2503"]
[BlackElo "2542"]
[EventDate "2006.09.03"]

1. d4 d5 2. c4 c6 3. Nc3 Nf6 4. cxd5 cxd5 5. Bf4 Nc6 6. e3 e6 7. Bd3 Be7 8.
h3 a6 9. Rc1 O-O 10. Nf3 Bd7 11. O-O b5 12. a4 b4 13. Ne2 Qb6 14. Ne5 Rfc8
15. Nxd7 Nxd7 16. b3 g6 17. Rc2 Bf6 18. Qd2 e5 19. dxe5 Ncxe5 20. Rxc8+
Rxc8 21. Bb1 Nc5 22. Bxe5 Bxe5 23. Qxd5 Qe6 24. Qxe6 fxe6 25. Rc1 Rd8 26.
Bc2 Rd2 27. Nd4 Bxd4 28. exd4 Rxd4 29. Bd1 Rd5 30. f4 Nd3 31. Rc8+ Kg7 32.
Be2 Nxf4 33. Bxa6 Rd2 34. Rc4 g5 35. Bb7 Rd1+ 36. Kh2 h5 37. h4 Kf6 38. a5
Ra1 39. a6 Nd5 40. hxg5+ Kxg5 41. Rc6 Ne3 42. Kg3 Nf5+ 43. Kf2 Ra2+ 44. Kg1
Ra1+ 45. Kf2 Ra2+ 46. Kg1 Ra1+ 47. Kf2 1/2-1/2

[Event "59th ch-RUS 1st League"]
[Site "Tomsk RUS"]
[Date "2006.09.08"]
[Round "6"]
[White "Ionov,S"]
[Black "Alavkin,A"]
[Result "1/2-1/2"]
[WhiteElo "2517"]
[BlackElo "2492"]
[EventDate "2006.09.03"]

1. Nf3 Nf6 2. g3 d5 3. Bg2 c6 4. O-O Bf5 5. c4 dxc4 6. Na3 Qd5 7. b3 cxb3
8. Bb2 e6 9. Ne5 Be4 10. f3 Bc2 11. Nxc2 bxc2 12. Qxc2 Qc5+ 13. Qxc5 Bxc5+
14. d4 Be7 15. Rab1 Nbd7 1/2-1/2

[Event "59th ch-RUS 1st League"]
[Site "Tomsk RUS"]
[Date "2006.09.08"]
[Round "6"]
[White "Karpov,Va"]
[Black "Chernyshov,K"]
[Result "0-1"]
[WhiteElo "2411"]
[BlackElo "2537"]
[EventDate "2006.09.03"]

1. Nf3 Nf6 2. c4 b6 3. g3 Bb7 4. Bg2 e6 5. O-O Be7 6. Nc3 O-O 7. d4 Na6 8.
b3 Ne4 9. Bb2 f5 10. Rc1 Bf6 11. e3 Qe7 12. Qe2 Nxc3 13. Bxc3 Be4 14. Rfd1
c6 15. Bf1 Bxf3 16. Qxf3 Nc7 17. Bg2 Rf7 18. Qe2 Raf8 19. Qd2 Ne8 20. d5 c5
21. dxe6 dxe6 22. Bxf6 Nxf6 23. Qd6 e5 24. Bd5 Nxd5 25. Rxd5 Qxd6 26. Rxd6
f4 27. exf4 exf4 28. Rc2 Re7 29. Rd3 f3 30. Kf1 g5 31. h3 Kg7 32. Rcc3 Ref7
33. g4 h5 34. gxh5 Kh6 35. Kg1 Kxh5 36. Kh2 Kh4 37. Rd5 Re8 38. Rd6 g4 39.
hxg4 Re2 40. Kg1 Re1+ 41. Kh2 Rf1 42. Rc2 Kxg4 43. Rh6 Rd7 44. Rh8 Rdd1 45.
Rg8+ Kf4 46. Rf8+ Ke4 0-1

[Event "59th ch-RUS 1st League"]
[Site "Tomsk RUS"]
[Date "2006.09.08"]
[Round "6"]
[White "Anisimov,P"]
[Black "Tsigelnitskiy,I"]
[Result "1-0"]
[WhiteElo "2515"]
[BlackElo "2404"]
[EventDate "2006.09.03"]

1. e4 c5 2. Nf3 e6 3. d4 cxd4 4. Nxd4 a6 5. Bd3 Qb6 6. c3 Nc6 7. Be3 Bc5 8.
Nd2 Nxd4 9. Nc4 Qa7 10. cxd4 Bxd4 11. e5 Bxe3 12. fxe3 Nh6 13. Nd6+ Ke7 14.
Qf3 f5 15. Qg3 Nf7 16. O-O g6 17. Bxf5 exf5 18. Rxf5 gxf5 19. Qh4+ Ke6 20.
Qf6+ Kd5 21. Qxf7+ Kxe5 22. Nc4+ Ke4 23. Qe7+ 1-0

[Event "59th ch-RUS 1st League"]
[Site "Tomsk RUS"]
[Date "2006.09.08"]
[Round "6"]
[White "Sitnikov,D"]
[Black "Kharitonov,Alexandr"]
[Result "1/2-1/2"]
[WhiteElo "2430"]
[BlackElo "2514"]
[EventDate "2006.09.03"]

1. e4 c6 2. d4 d5 3. exd5 cxd5 4. Bd3 Nc6 5. c3 Qc7 6. Ne2 Bg4 7. Bf4 Qd7
8. O-O Nf6 9. Na3 e6 10. Nc2 Be7 11. Be5 Bh5 12. Qd2 Bg6 13. Bxf6 Bxf6 14.
Ne3 Be7 15. f4 Bxd3 16. Qxd3 g6 1/2-1/2

[Event "59th ch-RUS 1st League"]
[Site "Tomsk RUS"]
[Date "2006.09.08"]
[Round "6"]
[White "Karalkin,M"]
[Black "Arzhenkov,G"]
[Result "1-0"]
[WhiteElo "2332"]
[BlackElo "2371"]
[EventDate "2006.09.03"]

1. e4 Nf6 2. e5 Nd5 3. d4 d6 4. Nf3 g6 5. Bc4 c6 6. exd6 Qxd6 7. O-O Bg7 8.
c3 O-O 9. Nbd2 Bf5 10. Re1 b5 11. Bb3 a5 12. a4 b4 13. c4 Nf6 14. c5 Qd8
15. Nc4 Nbd7 16. Bf4 Nd5 17. Qd2 Nxf4 18. Qxf4 Nf6 19. Nb6 Ra7 20. Ne5 Rc7
21. Nbc4 Nd5 22. Qf3 Rc8 23. Rad1 Bf6 24. Nxc6 Rxc6 25. Ne5 Bxe5 26. Bxd5
Bxh2+ 27. Kxh2 Rf6 28. Be4 Bd7 29. Qe3 Bxa4 30. b3 Bb5 31. d5 a4 32. bxa4
Bxa4 33. Ra1 Bd7 34. Kg1 Bf5 35. Bf3 Bc2 36. Qxe7 Rxf3 37. gxf3 Qxd5 38.
Kg2 b3 39. Ra6 b2 40. Rb6 b1=Q 41. Rbxb1 Bxb1 42. Rxb1 Rc8 43. Rc1 Rc6 44.
Qe3 Kg7 45. Qc3+ f6 46. Rc2 h5 47. Qb4 g5 48. Rd2 Qf7 49. Rd8 Qe7 50. Qd4
Rc7 51. c6 h4 52. Rd7 Rxd7 53. Qxd7 Kf8 54. Qc8+ Qe8 55. Qb7 g4 56. c7 h3+
57. Kg3 h2 58. Kxh2 Qe5+ 59. f4 g3+ 60. Kxg3 1-0

[Event "59th ch-RUS 1st League"]
[Site "Tomsk RUS"]
[Date "2006.09.09"]
[Round "7"]
[White "Tomashevsky,E"]
[Black "Khismatullin,D"]
[Result "1-0"]
[WhiteElo "2594"]
[BlackElo "2568"]
[EventDate "2006.09.03"]

1. c4 e5 2. Nc3 Nf6 3. Nf3 Nc6 4. g3 d5 5. cxd5 Nxd5 6. Bg2 Nb6 7. O-O Be7
8. a3 O-O 9. b4 Be6 10. Rb1 f6 11. d3 Nd4 12. Nd2 c6 13. Nde4 Nd5 14. Bb2
Bf7 15. Nxd5 Bxd5 16. Bxd4 exd4 17. Qc2 Re8 18. Nd2 Bf8 19. Rfe1 Kh8 20.
Bxd5 Qxd5 21. Qc4 Qd7 22. Nf3 Rad8 23. Kg2 g6 24. Rbc1 f5 25. Qb3 Bg7 26.
Rc5 Bf6 27. b5 Qe7 28. Rec1 cxb5 29. Qxb5 Rd7 30. a4 Kg7 31. R1c2 b6 32.
Rc6 Red8 33. Qc4 Rd6 34. Rc7 R8d7 35. Rc8 Rd5 36. Qc6 g5 37. Qa8 g4 38. Nd2
Re5 39. Rg8+ Kh6 40. Rcc8 Re6 41. Nc4 Bg7 42. Rge8 1-0

[Event "59th ch-RUS 1st League"]
[Site "Tomsk RUS"]
[Date "2006.09.09"]
[Round "7"]
[White "Zvjaginsev,V"]
[Black "Bocharov,D"]
[Result "0-1"]
[WhiteElo "2675"]
[BlackElo "2571"]
[EventDate "2006.09.03"]

1. e4 c5 2. Na3 g6 3. c3 Bg7 4. Nf3 Nc6 5. d4 cxd4 6. cxd4 Nf6 7. d5 Nb4 8.
Bd3 O-O 9. O-O d6 10. Bc4 Bg4 11. h3 Bxf3 12. Qxf3 Rc8 13. Qb3 a5 14. Re1
Nd7 15. Bf1 f5 16. exf5 Rxf5 17. g4 Rf7 18. Nc4 b5 19. Ne3 Qb6 20. Bd2 Nc5
21. Qd1 Ne4 22. Bxb4 axb4 23. Rc1 Rcf8 24. Rc6 Qa7 25. Qd3 Nxf2 26. Qxb5
Nd1 0-1